000 00553nam a2200229Ia 4500
003 0100
008 130303s9999 xx 000 0 und d
020 _a195201124
040 _cARRUPELIB
050 _aBL1202.C4771979
100 _aChaudhuri, Nirad C
245 _aHinduism
245 _ba religion to live by
260 _aNew York
260 _bOxford University Press
260 _C1979
300 _axii
300 _b 340 p. 23 cm
650 _bReason -- Addresses, essays, lectures
700 _aNirad C. Chaudhuri
942 0 0 _01
999 _c15642
_d15642